[Event "Staufer op 33rd"]
[Site "Schwaebisch Gmuend"]
[Date "2023.01.03"]
[Round "4"]
[White "Pryvalov, Ivan"]
[Black "Becker, Matthias1111"]
[Result "0-1"]
[WhiteElo "2087"]
[BlackElo "2325"]
[PlyCount "86"]
[EventDate "2023.01.02"]
[EventType "swiss"]
[EventRounds "9"]
[EventCountry "GER"]
[SourceTitle "CBM 212 Extra"]
[Source "ChessBase"]
[SourceDate "2023.03.31"]
[SourceVersion "1"]
[SourceVersionDate "2023.03.31"]
[SourceQuality "1"]

1. d4 g6 2. e4 Bg7 3. Nc3 d6 4. Be3 a6 5. g4 b5 6. Bg2 Bb7 7. h4 Nf6 8. g5 Nfd7 9. h5 c5 10. Nge2 Nc6 11. d5 Na5 12. h6 Bxc3+ 13. Nxc3 Nc4 14. Bc1 Qa5 15. 0-0 0-0-0 16. Ne2 f6 17. b3 Nce5 18. Bd2 Qb6 19. Nf4 Kb8 20. Ne6 Rde8 21. f4 Nf7 22. Qe1 fxg5 23. fxg5 Nde5 24. Kh1 Bc8 25. Bh3 Bxe6 26. Bxe6 Nd8 27. Bh3 Rhf8 28. Qe2 Rxf1+ 29. Rxf1 e6 30. dxe6 Nxe6 31. c3 Qd8 32. Rf6 Nc7 33. Bf4 Rf8 34. Bxe5 dxe5 35. Qf1 Re8 36. Qf2 Qd3 37. Qxc5 Qxh3+ 38. Kg1 Qg3+ 39. Kf1 Rd8 40. Rf8 Qd3+ 41. Kf2 Qd2+ 42. Kf1 Qxg5 43. Ke2 Qg2+ 0-1

[Event "Oberliga Sued W 2122"]
[Site "Germany"]
[Date "2022.06.12"]
[Round "4.2"]
[White "Klein, Joachim"]
[Black "Pryvalov, Ivan"]
[Result "1/2-1/2"]
[WhiteElo "2189"]
[BlackElo "2128"]
[PlyCount "115"]
[EventDate "2021.10.24"]
[EventType "team-tourn"]
[EventRounds "9"]
[EventCountry "GER"]
[SourceTitle "EXT 2023"]
[Source "ChessBase"]
[SourceDate "2022.10.05"]
[SourceVersion "1"]
[SourceVersionDate "2022.10.05"]
[SourceQuality "1"]
[WhiteTeam "Illingen Turm"]
[BlackTeam "Gau Algesheim"]
[WhiteTeamCountry "GER"]
[BlackTeamCountry "GER"]

1. c4 e5 2. Nc3 Nf6 3. Nf3 Nc6 4. e4 Bb4 5. d3 0-0 6. a3 Bxc3+ 7. bxc3 d6 8. Be2 Ne7 9. 0-0 c5 10. Nh4 Nc6 11. g3 Bh3 12. Ng2 Qc8 13. f4 Bg4 14. f5 Bxe2 15. Qxe2 Kh8 16. g4 h6 17. h4 Nh7 18. g5 g6 19. Ne3 h5 20. Nd5 Qd7 21. Ra2 Ne7 22. d4 Nxd5 23. cxd5 c4 24. Be3 b5 25. dxe5 dxe5 26. Qh2 Rfe8 27. Raf2 Kg8 28. Rf3 Qd6 29. Qf2 Qd7 30. Kh2 a6 31. Bc5 Rac8 32. Bb4 Rc7 33. Qb6 Rb7 34. Qxa6 Ra7 35. Qb6 Rb7 36. Qd6 Qxd6 37. Bxd6 Rd7 38. fxg6 fxg6 39. Bb4 Ra8 40. Kg2 Raa7 41. Kf2 Ra8 42. Ke3 Kg7 43. R3f2 Kg8 44. Rb1 Rc8 45. Ba5 Rb7 46. Rfb2 Rf8 47. Rxb5 Rbf7 48. Re1 Rf2 49. Re2 R8f3+ 50. Kd2 Rd3+ 51. Ke1 Rf4 52. Rb8+ Kf7 53. Rb7+ Kg8 54. Bc7 Rxh4 55. Bxe5 Nxg5 56. Rb8+ Kf7 57. Rb7+ Ke8 58. Rb8+ 1/2-1/2

[Event "Oberliga Sued W 2122"]
[Site "Germany"]
[Date "2022.04.03"]
[Round "8.2"]
[White "Chassard, Cedric"]
[Black "Pryvalov, Ivan"]
[Result "0-1"]
[WhiteElo "2035"]
[BlackElo "2128"]
[PlyCount "202"]
[EventDate "2021.10.24"]
[EventType "team-tourn"]
[EventRounds "9"]
[EventCountry "GER"]
[SourceTitle "EXT 2023"]
[Source "ChessBase"]
[SourceDate "2022.10.05"]
[SourceVersion "1"]
[SourceVersionDate "2022.10.05"]
[SourceQuality "1"]
[WhiteTeam "Schwarzenbach"]
[BlackTeam "Gau Algesheim"]
[WhiteTeamCountry "GER"]
[BlackTeamCountry "GER"]

1. e4 c6 2. d4 d5 3. e5 c5 4. Nf3 cxd4 5. Nxd4 e6 6. c4 Nc6 7. Nc3 dxc4 8. Nxc6 Qxd1+ 9. Kxd1 bxc6 10. Bxc4 Ne7 11. Ke2 Rb8 12. b3 Nd5 13. Ne4 Bb4 14. Bb2 0-0 15. Bd4 Nb6 16. a3 Be7 17. Rhd1 Nxc4 18. bxc4 Ba6 19. Rdc1 Rfd8 20. Bc5 Rb2+ 21. Ke3 Rb3+ 22. Ke2 Rb2+ 23. Kf3 Rd3+ 24. Be3 f5 25. exf6 gxf6 26. Rd1 Rxd1 27. Rxd1 Bxc4 28. Rd7 Kf8 29. Rxa7 Bd5 30. Kf4 Rc2 31. Nd2 h5 32. Kg3 e5 33. Nf3 Rc4 34. h3 Bd6 35. Rd7 Bxa3 36. Nh4 Ke8 37. Rh7 Rc3 38. Rxh5 Bc5 39. Nf5 Be4 40. Kh2 Bxe3 41. Nxe3 Kf7 42. Rh4 Bd3 43. Rh8 c5 44. Rc8 Rc1 45. Rc7+ Ke6 46. Rc6+ Kd7 47. Rxf6 c4 48. Rf7+ Kd6 49. Rf8 Kd7 50. Rf7+ Kc6 51. Rf8 c3 52. Rc8+ Kd7 53. Rc5 e4 54. h4 Kd6 55. Rc8 Kd7 56. Rc5 Kd6 57. Rd5+ Kc6 58. Ra5 c2 59. Ra2 Rh1+ 60. Kxh1 c1Q+ 61. Kh2 Qc5 62. g3 Qf8 63. Rb2 Qf6 64. Ra2 Qf3 65. Kg1 Qh5 66. Rb2 Qc5 67. Rd2 Qc3 68. Rd1 Kb7 69. Kh2 Qb2 70. Kg1 Be2 71. Re1 Bf3 72. Nc4 Qc3 73. Rb1+ Kc7 74. Ne3 Qe5 75. Rc1+ Kb8 76. Rb1+ Ka8 77. Rc1 Qb2 78. Re1 Kb7 79. Nc4 Qc3 80. Rb1+ Ka6 81. Ne3 Ka5 82. Nd5 Qd4 83. Ne3 Qg7 84. Nc4+ Ka4 85. Ne3 Ka3 86. Rc1 Ka2 87. Re1 Qc3 88. Kf1 Qd3+ 89. Kg1 Kb2 90. Ng2 Qd2 91. Re3 Qd7 92. Ne1 Qd1 93. Kh2 Be2 94. Ng2 Qf1 95. Rxe4 Qxf2 96. Rf4 Bf3 97. Rxf3 Qxf3 98. Kh3 Kc3 99. Nf4 Kd4 100. h5 Ke5 101. h6 Qh1+ 0-1

[Event "Oberliga Sued W 2122"]
[Site "Germany"]
[Date "2021.10.24"]
[Round "1.2"]
[White "Leuranguer, Yannick"]
[Black "Pryvalov, Ivan"]
[Result "1/2-1/2"]
[WhiteElo "2245"]
[BlackElo "2128"]
[PlyCount "89"]
[EventDate "2021.10.24"]
[EventType "team-tourn"]
[EventRounds "9"]
[EventCountry "GER"]
[SourceTitle "EXT 2023"]
[Source "ChessBase"]
[SourceDate "2022.10.05"]
[SourceVersion "1"]
[SourceVersionDate "2022.10.05"]
[SourceQuality "1"]
[WhiteTeam "Landau"]
[BlackTeam "Gau Algesheim"]
[WhiteTeamCountry "GER"]
[BlackTeamCountry "GER"]

1. e4 c5 2. c3 Nf6 3. e5 Nd5 4. d4 cxd4 5. cxd4 Nc6 6. Nf3 d6 7. Bc4 Nb6 8. Bb5 dxe5 9. Nxe5 Bd7 10. Nxd7 Qxd7 11. Nc3 e6 12. 0-0 a6 13. Bxc6 Qxc6 14. Be3 Nd5 15. Rc1 Bd6 16. Qg4 Kf8 17. Ne4 Qd7 18. Nc5 Bxc5 19. dxc5 Qc6 20. Bf4 f6 21. Bd6+ Kf7 22. Qh5+ g6 23. Qh6 Rae8 24. g3 Ne7 25. Bxe7 Rxe7 26. Rfd1 Rd7 27. b4 e5 28. Qh4 Kg7 29. Rxd7+ Qxd7 30. Qc4 Rc8 31. Qc2 Rd8 32. a4 Qc6 33. Qb3 Rd4 34. b5 axb5 35. axb5 Qd5 36. Qxd5 Rxd5 37. b6 Kf7 38. c6 bxc6 39. Rxc6 Rb5 40. Rc7+ Ke6 41. Rxh7 Rxb6 42. Rg7 g5 43. Kg2 Rb4 44. h3 Kf5 45. Ra7 1/2-1/2

[Event "Oberliga Sued W 1920"]
[Site "Germany"]
[Date "2019.11.24"]
[Round "3.7"]
[White "Pryvalov, Ivan"]
[Black "Beck, Michael1111"]
[Result "1/2-1/2"]
[WhiteElo "2105"]
[BlackElo "2099"]
[PlyCount "213"]
[EventDate "2019.09.29"]
[EventType "team-tourn"]
[EventRounds "9"]
[EventCountry "GER"]
[SourceTitle "EXT 2021"]
[Source "ChessBase"]
[SourceDate "2020.10.23"]
[SourceVersion "1"]
[SourceVersionDate "2020.10.23"]
[SourceQuality "1"]

1. d4 Nf6 2. c4 g6 3. Nf3 Bg7 4. e3 0-0 5. Bd3 d6 6. 0-0 Nc6 7. Nc3 e5 8. d5 Ne7 9. Ng5 Nd7 10. f4 h6 11. Nge4 f5 12. Ng3 e4 13. Be2 Nc5 14. Qc2 a5 15. b3 Bd7 16. Bb2 Kh7 17. Rad1 Ng8 18. Nb1 Bxb2 19. Qxb2 Qh4 20. Nh1 Qe7 21. Qd4 Nf6 22. Na3 Rg8 23. Nc2 Rg7 24. g3 Rag8 25. Qc3 b6 26. a3 h5 27. h4 Ng4 28. Nf2 Nxf2 29. Kxf2 Ra8 30. Nd4 Rgg8 31. Ra1 Qg7 32. Rfc1 Ra7 33. Qc2 Rga8 34. Ra2 Qg8 35. Rca1 Qe8 36. b4 Nb7 37. Bd1 Qf7 38. Qb2 Qg7 39. Qb1 Qf7 40. Bb3 Qe8 41. Qd1 Ra6 42. Ne2 R6a7 43. Ke1 Qe7 44. Nc3 Qg7 45. Kd2 Qf7 46. Ke1 Qg7 47. Qd2 a4 48. Bd1 Rc8 49. Rc1 Qe7 50. Be2 Be8 51. Rac2 Bd7 52. Qd4 Qg7 53. Qd1 Qe7 54. Bf1 Be8 55. Ne2 Bd7 56. Nd4 Qe8 57. Be2 Kg8 58. Rc3 Kh7 59. R1c2 Qf7 60. Qc1 Kh6 61. Rd2 Qe8 62. Bd1 Kh7 63. Qb2 Qe7 64. Rc1 Qg7 65. Rdc2 Kh6 66. Be2 Kh7 67. Nb5 Qxb2 68. Rxb2 Bxb5 69. cxb5 Nd8 70. Kd2 Kg7 71. Kc3 Kf6 72. Kd4 Ke7 73. Rbc2 Kd7 74. Rc3 Nf7 75. Bd1 Nh6 76. Rc6 Ng8 77. R6c2 Nf6 78. Rh2 Raa8 79. Bc2 Ra7 80. Rch1 Raa8 81. Rg2 Rh8 82. Bb1 Ra7 83. Rc1 Raa8 84. Rgc2 Rhc8 85. Rd2 Re8 86. Kc4 Ra7 87. Rd4 Raa8 88. Kc3 Ra7 89. Kd2 Raa8 90. Rc3 Ra7 91. Bc2 Rc8 92. Ke2 Raa8 93. Kf2 Ra7 94. Kg2 Raa8 95. Bb1 Ra7 96. Ba2 Raa8 97. Rd1 Ra7 98. Rdc1 Raa8 99. Bc4 Ra7 100. Rd1 Raa8 101. Be2 Ra7 102. Rd4 Raa8 103. Bd1 Ra7 104. Bc2 Re8 105. Rd1 Raa8 106. Rc4 Ra7 107. Rc3 1/2-1/2

[Event "Oberliga Sued W 1920"]
[Site "Germany"]
[Date "2019.10.20"]
[Round "2.8"]
[White "Pryvalov, Ivan"]
[Black "Grieb, Stefan"]
[Result "1-0"]
[WhiteElo "2101"]
[BlackElo "1868"]
[PlyCount "75"]
[EventDate "2019.09.29"]
[EventType "team-tourn"]
[EventRounds "9"]
[EventCountry "GER"]
[SourceTitle "EXT 2021"]
[Source "ChessBase"]
[SourceDate "2020.10.23"]
[SourceVersion "1"]
[SourceVersionDate "2020.10.23"]
[SourceQuality "1"]

1. d4 d5 2. Nf3 Nf6 3. c4 c6 4. e3 Bf5 5. Nc3 e6 6. Be2 Bd6 7. Nh4 Bg6 8. Nxg6 hxg6 9. h3 Nbd7 10. Qc2 Rc8 11. c5 Be7 12. b4 e5 13. dxe5 Nxe5 14. Bb2 Ned7 15. Na4 0-0 16. h4 Ne4 17. h5 Bf6 18. Nc3 Nxc3 19. Bxc3 Bxc3+ 20. Qxc3 Qf6 21. Qxf6 gxf6 22. Kd2 Rcd8 23. Rh4 f5 24. Rah1 Nf6 25. hxg6 fxg6 26. Bd3 Kg7 27. Kc3 Rf7 28. Kd4 Rfd7 29. f3 b5 30. g4 fxg4 31. fxg4 a5 32. a3 axb4 33. axb4 Re7 34. R1h3 Ra8 35. Rh6 Ra4 36. Rxg6+ Kf7 37. Rf3 Rxb4+ 38. Kc3 1-0